Responses for Show #532 - Tuesday, December 23, 1986

Frank Hughes game 5.

Contestants

[<< previous game]

Susan Powell-Turton, a retail manager originally from Fort Worth, Texas

Scott Cooper, an Army lawyer from Washington, D.C.

Frank Hughes, an account executive from Torrance, California (whose 4-day cash winnings total $24,300)

[next game >>]

Jeopardy! Round responses

SPECIFICALLY SPEAKING
LAKES & RIVERS
FEMALE FACTS
SPECTATOR SPORTS
DINING OUT
MORTAL MATTERS
(Alex: Sounds ominous.)
    $100 13
Lovebird

Frank
    $100 10
Seas

Susan
    $100 1
Take a shot

Scott
    $100 7
Restore

Susan
    $100 2
Death of a Salesman

Scott
    $200 14
(Susan: What is an exacta?)

Daily double

FrankSusan
    $200 11
(Susan: What is the Eyre?)

Murray

Susan
Triple Stumper
    $200 22
(Frank: What are [*]?
(Alex: Yes, bust, waist, and hips.)

Figure measurements

Frank
    $200 20
(Alex: In those days, they used to have triple-headers.)

3

Triple Stumper
    $200 8
A shell

Susan
    $200 3
"Body by Fisher"

Frank
    $300 15
Optician

Susan
    $300 12
Zaire

Triple Stumper
    $300 23
[The end-of-round signal sounds.]

A husband

Scott
    $300 21
(Frank: What is Churchill Downs?)

Belmont

FrankSusan
    $300 9
(Susan: What is the beef course or the meat course?)

Dessert

Susan
Triple Stumper
    $300 4
"To Know Him is to Love Him"

Triple Stumper
    $400 16
Marsh

Triple Stumper
    $400 18
Lake Geneva

Frank
    $400 5
(Alex: Scott is cursing himself he didn't get in there and get that one.)

Lawyers

Frank
    $500 17
Arbitrator

Frank
    $200 19
(Frank: ...I'm sorry, Alex.)
...
(Alex: We've got a minute to go in the round.)

Bismarck, Pierre, or Jefferson City

Frank
    $500 6
Alex: They planted it at the [*]. Somebody made a comment that it was a botanical failure, rather than a political one.)

United Nations

Triple Stumper

Scores at the first commercial break (after clue 10):

Frank Scott Susan
$600 $200 $100

Scores at the end of the Jeopardy! Round:

Frank Scott Susan
$1,500 $500 $300

Double Jeopardy! Round responses

TRADE NAME ORIGINS
POP INSTRUMENTALS
TIME
BOOKS & AUTHORS
IRELAND
MAD SCIENTISTS
    $200 22
The Brownie

Scott
    $200 17
Ferrante & Teicher

Scott
    $200 2
Joan Rivers

Scott
    $200 1
(Scott: What is methane?)

Peat

ScottSusan
    $200 11
Frankenstein

Scott
    $400 26
[The end-of-round signal sounds.]

Contac

Frank
    $400 18
Chuck Mangione

Susan
    $400 13
Jet lag

Susan
    $400 4
Ray Bradbury

Frank
    $400 3
France

Scott
    $400 12
Dr. Strangelove

Scott
    $600 25
(Frank: What is Noxzema?)

Nivea

Frank
Triple Stumper
    $900 19
(Susan: Okay, that would be...)
(Alex: Phrasing!)
(Susan: What is Magnum P.I. and L.A. Law?)

Magnum P.I., L.A. Law, Hill Street Blues, The A-Team, Hunter

Susan
    $600 14
(Scott: What are the symbols of the zodiac?)

Stars

ScottSusan
    $600 5
The Name of the Rose

Frank
    $600 8
Captain Marvel

Triple Stumper
    $800 24
Greyhound

Triple Stumper
    $800 20
Beethoven's 5th

Frank
    $800 15
12 noon

Frank
    $800 6
Ernest Hemingway

Frank
    $1,000 9
(Scott: Who is [*]? And the Gravedigger Five?)

(Bobby "Boris") Pickett

Scott
    $1000 23
Penguin

Scott
    $1000 21
"The Melody of Love"

Triple Stumper
    $1000 16
(Scott: What's antediluvian?)

Time immemorial

Scott
Triple Stumper
    $1000 7
(Jean-Paul) Sartre

Scott
    $1000 10
Captain Video

Frank

Scores at the end of the Double Jeopardy! Round:

Frank Scott Susan
$5,700 $3,300 $2,800

[wagering suggestions for these scores]

Final Jeopardy! Round responses

MYTHOLOGY
SusanWhat is Rome?
$2,798
ScottWhat is Sparta?
$3,300
FrankWhat is Troy
$900
Troy

Final scores:

Frank Scott Susan
$6,600 $0 $2
5-day champion: $30,900 3rd place: an Emerson audio rack system 2nd place: a trip to San Francisco

Game dynamics:

Coryat scores:

Frank Scott Susan
$5,900 $3,100 $2,500
14 R,
3 W
(including 1 DD)
12 R
(including 1 DD),
3 W
10 R
(including 1 DD),
3 W

Combined Coryat: $11,500

[game clues] [game scores] [suggest correction]

Game tape date: 1986-10-01
The J! Archive is created by fans, for fans. Scraping, republication, monetization, and malicious use prohibited; this site may use cookies and collect identifying information. See terms. The Jeopardy! game show and all elements thereof, including but not limited to copyright and trademark thereto, are the property of Jeopardy Productions, Inc. and are protected under law. This website is not affiliated with, sponsored by, or operated by Jeopardy Productions, Inc. Join the discussion at JBoard.tv.